000 00606nam a2200193 i 4500
001 103728
003 ES-MaACL
005 20230906183432.0
007 t|
008 051117s1929 sp ||||1| spa d
100 1 _aMesa, Enrique de,
_d1878-1929
_980630
245 1 0 _aApostillas a la escena /
_cEnrique de Mesa.
260 _aMadrid :
_bC.I.A.P. Renacimiento,
_c1929 (
_fArtes Gráficas)
300 _a364 p. :
_bil. ;
_c19 cm.
490 1 _aObras completas de Enrique de Mesa
830 0 _aObras completas de Enrique de Mesa
_9232600
852 _aES-MaACL
_jA-948
999 _c103728
_d103728